[Event "Mittelrhein Verbandsliga-N 18/19"]
[Site "Nordrheinwestfalen"]
[Date "2019.05.19"]
[Round "11.7"]
[White "Hassanieh, Samad"]
[Black "Rosenauer, Horst"]
[Result "0-1"]
[WhiteElo "1696"]
[BlackElo "1826"]
[PlyCount "82"]
[EventDate "2018.09.02"]
[EventType "team-tourn"]
[EventRounds "12"]
[EventCountry "GER"]
[SourceTitle "EXT 2022"]
[Source "ChessBase"]
[SourceDate "2021.10.06"]
[SourceVersion "1"]
[SourceVersionDate "2021.10.06"]
[SourceQuality "1"]
[WhiteTeam "Porz SG III"]
[BlackTeam "Bergische SF"]
[WhiteTeamCountry "GER"]
[BlackTeamCountry "GER"]

1. e4 e5 2. Nf3 Nc6 3. Bb5 a6 4. Bxc6 dxc6 5. 0-0 Bg4 6. h3 Bh5 7. d3 f6 8. Be3 Qd6 9. Nbd2 0-0-0 10. Nc4 Qe7 11. g4 Bf7 12. Na5 Qe8 13. Qe1 h5 14. g5 h4 15. Qc3 Qe6 16. Kg2 Bd6 17. Nc4 Be7 18. a3 Rh5 19. b4 fxg5 20. Qxe5 g4 21. Qxe6+ Bxe6 22. hxg4 Bxg4 23. Nh2 Be6 24. f4 Nf6 25. Ne5 h3+ 26. Kf3 Ne8 27. Rg1 Bf6 28. d4 Nd6 29. c3 Nc4 30. Nxc4 Bxc4 31. e5 Bd5+ 32. Kg4 Rh4+ 33. Kf5 Be7 34. Kg6 Rf8 35. f5 Rhh8 36. Rg3 Bf7+ 37. Kxg7 Rhg8+ 38. Kh7 Rxg3 39. Bf4 Rgg8 40. f6 Bd8 41. Re1 Be6 0-1